000 00584nam a2200217Ia 4500
005 20241129105805.0
008 241129s9999||||xx |||||||||||||| ||und||
020 _a978-93-89386-11-0
037 _aTB
040 _aARTS
_beng
_cARTS
041 _aeng
_2eng
084 _aQ:366 R2
_qARTS
100 _aGioi Huong Bhikkhuni Au.
_9724747
245 0 _aCycle of life
_cGioi Huong Bhikkhuni Au.
260 _aDelhi, India
_bEstern Book Linkers
_c2022
300 _a196p.
365 _aINR
_b950
650 _aReligion
942 _cTB
_hQ:366 R2
999 _c1225951
_d1225951